Statistics for Biggest Cities once in the Mongol Empire

Click here to take the quiz!

General Stats

  • This quiz has been taken 152 times
  • The average score is 15 of 26

Answer Stats

PopulationCity% Correct
20.0 mBeijing
98%
34.1 mShanghai
96%
17.4 mMoscow
92%
15.5 mTehran
86%
47.6 mGuangzhou
84%
25.0 mSeoul
83%
9.25 mWuhan
77%
7.15 mBaghdad
75%
7.55 mHong Kong
69%
13.2 mTianjin
69%
7.10 mXi'an
66%
10.0 mChengdu
59%
8.40 mChongqing
57%
5.15 mAnkara
56%
6.70 mNanjing
56%
5.15 mHarbin
54%
10.2 mXiamen
54%
8.60 mHangzhou
46%
6.25 mQingdao
46%
8.10 mShenyang
41%
5.05 mChangsha
36%
5.10 mZhengzhou
35%
5.10 mHefei
33%
7.75 mShantou
29%
5.40 mWenzhou
24%
4.80 mShijiazhuang
18%

Score Distribution

Percentile by Number Answered

Percent of People with Each Score

Your Score History

You have not taken this quiz